header

Better a hundred friends than a hundred rubles? (Record no. 155255)

MARC details
000 -LEADER
fixed length control field 01505nam a2200361Ia 4500
100 1# - MAIN ENTRY--AUTHOR NAME
Personal name Kuehnast, Kathleen R.
245 10 - TITLE STATEMENT
Title Better a hundred friends than a hundred rubles?
260 ## - PUBLICATION, DISTRIBUTION, ETC. (IMPRINT)
Place of publication Washington, DC :
Name of publisher World Bank,
Year of publication 2004.
300 ## - PHYSICAL DESCRIPTION
Number of Pages vii, 71 p.
490 1# - SERIES STATEMENT
Series statement World Bank working paper ;
650 #0 - SUBJECT ADDED ENTRY--TOPICAL TERM
Topical Term Social networks
Topical Term Social capital (Sociology)
Topical Term Poverty
700 1# - ADDED ENTRY--PERSONAL NAME
Personal name Dudwick, Nora.
856 40 - ELECTRONIC LOCATION AND ACCESS
Uniform Resource Identifier http://site.ebrary.com/lib/rucke/Doc?id=10060524

No items available.

© 2026 Rongo University
Contact us: librarian | system librarian | Rongo university